Statistics for Top 10 Czech PL scorers

Click here to take the quiz!

General Stats

  • This quiz has been taken 18 times
  • The average score is 5 of 10

Answer Stats

HintAnswer% Correct
19Rosicky
93%
28Baros
79%
10Smicer
64%
3Vydra
64%
38Berger
43%
5Poborsky
43%
6Bednar
29%
5Jarosik
29%
4Kozak
21%
3Kovac
7%

Score Distribution

Percentile by Number Answered

Percent of People with Each Score

Your Score History

You have not taken this quiz